[Event "Gibraltar Masters 2019"]
[Site "Caleta ENG"]
[Date "2019.01.27"]
[Round "6.77"]
[White "Rahul,Srivatshav P"]
[Black "Movileanu,Daniela"]
[Result "1/2-1/2"]
[WhiteElo "2370"]
[BlackElo "2174"]

1.d4 Nf6 2.Nf3 g6 3.c4 Bg7 4.e3 O-O 5.Be2 d5 6.cxd5 Nxd5 7.e4 Nb6 8.Nc3 Nc6
9.d5 Na5 10.Be3 Nac4 11.Bd4 e5 12.dxe6 Bxe6 13.b3 Na5 14.Bxg7 Kxg7 15.Qc2 Nc6
16.Rd1 Qf6 17.Nb5 Rac8 18.O-O a6 19.Nbd4 Nxd4 20.Nxd4 c5 21.Nxe6+ Qxe6 22.h3 Rc6
23.a4 c4 24.bxc4 Nxc4 25.Qb3 Rb8 26.Bg4 Qf6 27.f4 Qb2 28.Qxb2+ Nxb2 29.Rd7 Nxa4
30.f5 Nc5 31.Rd4  1/2-1/2

[Event "Gibraltar Masters 2019"]
[Site "Caleta ENG"]
[Date "2019.01.27"]
[Round "6.78"]
[White "Lane,G"]
[Black "Smith,An"]
[Result "1-0"]
[WhiteElo "2358"]
[BlackElo "2167"]

1.e4 e6 2.d4 d5 3.Nd2 c5 4.exd5 exd5 5.Ngf3 Nc6 6.Bb5 Bd6 7.dxc5 Bxc5 8.Nb3 Bd6
9.O-O Ne7 10.c3 O-O 11.Bd3 h6 12.h3 Bc7 13.Re1 Qd6 14.Be3 Rd8 15.Nbd4 a6
16.Bc2 Ng6 17.Qd3 Qf6 18.Rad1 Nce7 19.Rd2 Bd7 20.a4 Re8 21.Rde2 Rad8 22.Bc1 Bd6
23.b4 Kf8 24.Qd1 Rc8 25.Bd2 Rc7 26.Bxg6 Nxg6 27.Rxe8+ Bxe8 28.Qb3 Rc4 29.Be3 Nh4
30.Nxh4 Qxh4 31.Nf5 Qf6 32.Nxd6 Qxd6 33.Bc5 Rxc5 34.bxc5 Qxc5 35.Qxb7 g6
36.Qxa6 Bd7 37.Qf6  1-0

[Event "Gibraltar Masters 2019"]
[Site "Caleta ENG"]
[Date "2019.01.27"]
[Round "6.79"]
[White "Belenkaya,D"]
[Black "Bopp,T"]
[Result "1-0"]
[WhiteElo "2357"]
[BlackElo "2171"]

1.e4 c6 2.d4 d5 3.exd5 cxd5 4.Bd3 Nc6 5.c3 Nf6 6.Bf4 g6 7.Nf3 Bf5 8.Bxf5 gxf5
9.O-O e6 10.Qb3 Qd7 11.Re1 Rg8 12.a4 Nh5 13.Bg5 f6 14.Bd2 Bd6 15.c4 O-O-O
16.cxd5 Qg7 17.Nh4 exd5 18.Qf3 Qf7 19.Nxf5 Rg6 20.Nc3 Bb8 21.Rac1 Ng7 22.Ne7+  1-0

[Event "Gibraltar Masters 2019"]
[Site "Caleta ENG"]
[Date "2019.01.27"]
[Round "6.80"]
[White "Sanchez Jerez,E"]
[Black "Taylor,Adam C"]
[Result "0-1"]
[WhiteElo "2183"]
[BlackElo "2356"]

1.e4 e5 2.Nf3 Nc6 3.Bc4 Nf6 4.Ng5 d5 5.exd5 Na5 6.Bb5+ c6 7.dxc6 bxc6 8.Qf3 Be7
9.Bd3 O-O 10.Nc3 g6 11.h4 Nd5 12.Qg3 f5 13.Be2 Bd6 14.Nxd5 cxd5 15.f4 Re8
16.d3 Nc6 17.c3 Bb7 18.h5 Qe7 19.O-O exf4 20.Bxf4 Bxf4 21.Rxf4 Qxe2 22.Nxh7 Qe3+
23.Qxe3 Rxe3 24.Nf6+ Kg7 25.Nxd5 Rxd3 26.Nc7 Rb8 27.Re1 Rd2 28.Re6 gxh5 29.Rxf5 Rxg2+
30.Kf1 Rg6 31.Rxh5 Rf8+ 32.Ke1 Rc8 33.Ne8+ Kf7 34.Re3 Kg8 35.b4 Nxb4 36.cxb4 Rc2
37.Kd1 Rxa2 38.Ra5 Bf3+ 39.Re2 Rg1+  0-1

[Event "Gibraltar Masters 2019"]
[Site "Caleta ENG"]
[Date "2019.01.27"]
[Round "6.81"]
[White "Fenollar Jorda,M"]
[Black "Crespo,E"]
[Result "1-0"]
[WhiteElo "2342"]
[BlackElo "2169"]

1.d4 Nf6 2.Nf3 e6 3.Bf4 c5 4.c3 b6 5.Nbd2 Bb7 6.Nc4 Ne4 7.e3 Be7 8.Bd3 O-O
9.Bxe4 Bxe4 10.Nd6 Bg6 11.dxc5 bxc5 12.O-O Qb6 13.b3 Nc6 14.Nc4 Qa6 15.Bd6 Rfc8
16.Qd2 Bh5 17.Rfd1 Bf6 18.e4 Na5 19.Nxa5 Qxa5 20.e5 Bd8 21.a4 c4 22.b4 Qa6
23.Qf4 Bc7 24.Bxc7 Rxc7 25.Rd6 Qb7 26.Nd2 a5 27.b5 Rac8 28.Rd4 Be2 29.Ne4 Qb6
30.Rd6 Qb7 31.Re1 Bd3 32.Ra6 Qd5 33.Rxa5 Ra8 34.Rxa8+ Qxa8 35.Nd6 Bg6 36.Ra1 Rc5
37.a5 f6 38.Qf3 Qa7 39.exf6 Rd5 40.Nc8 Qc5 41.Ne7+  1-0

[Event "Gibraltar Masters 2019"]
[Site "Caleta ENG"]
[Date "2019.01.27"]
[Round "6.82"]
[White "Carreto Nieto,G"]
[Black "Tate,A"]
[Result "1-0"]
[WhiteElo "2174"]
[BlackElo "2335"]

1.e4 e5 2.Nf3 Nc6 3.d4 exd4 4.Nxd4 Nf6 5.Nxc6 bxc6 6.e5 Qe7 7.Qe2 Nd5 8.c4 Nb6
9.Nc3 Bb7 10.Bd2 O-O-O 11.O-O-O Kb8 12.f4 f6 13.h4 fxe5 14.fxe5 Qe6 15.Bf4 Ba6
16.b3 Ba3+ 17.Kc2 Bb4 18.Qe3 Bxc3 19.Kxc3 Rde8 20.g3 d5 21.Bh3 Qe7 22.c5 Nd7
23.b4 Nf6 24.Rhe1 Ne4+ 25.Kb2 h6 26.h5 Ka8 27.Qa3 Bb5 28.Rxe4 dxe4 29.Rd7 Qf8
30.Rxc7 a6 31.Qa5 Re7 32.Bd7 Rxd7 33.Rxd7 Qc8 34.e6 Qf8 35.Rf7 Qc8 36.Qb6  1-0

[Event "Gibraltar Masters 2019"]
[Site "Caleta ENG"]
[Date "2019.01.27"]
[Round "6.83"]
[White "Povah,N"]
[Black "Pakosta,M"]
[Result "1/2-1/2"]
[WhiteElo "2329"]
[BlackElo "2166"]

1.d4 c5 2.d5 f5 3.e4 fxe4 4.Nc3 Nf6 5.g4 h6 6.Bg2 d6 7.h3 e6 8.Nge2 exd5
9.Nxd5 Nc6 10.Nef4 g5 11.Nxf6+ Qxf6 12.Nd5 Qf7 13.Bxe4 Be6 14.Be3 Bg7 15.Qd3 O-O-O
16.O-O-O Bd4 17.Bg6 Qg7 18.Bxd4 Nxd4 19.Be4 Rhf8 20.c3 Nc6 21.Rhf1 Qe5 22.Rde1 Bxd5
23.Bxd5 Qf4+ 24.Kb1 Kc7 25.Qb5 Rfe8 26.Bxc6 bxc6 27.Qa6 d5 28.Qxa7+ Kd6 29.Qg7 Rxe1+
30.Rxe1 Rd7 31.Qxh6+ Kc7 32.Re6 Qa4 33.b3 Qb5 34.Qxg5 Qf1+ 35.Kb2 Qxf2+ 36.Ka3 Kb6
37.Re7 Rd8 38.Rb7+ Kxb7 39.Qxd8 Qe3 40.Qf6 d4 41.cxd4 cxd4 42.g5 Qc1+ 43.Ka4 Qc5
44.Qd8 Qb5+ 45.Ka3 Qc5+ 46.Kb2 Qc3+ 47.Ka3 Qc5+ 48.Kb2  1/2-1/2

[Event "Gibraltar Masters 2019"]
[Site "Caleta ENG"]
[Date "2019.01.27"]
[Round "6.84"]
[White "Michenka,J"]
[Black "Burrows,M"]
[Result "1-0"]
[WhiteElo "2280"]
[BlackElo "2156"]

1.d4 Nf6 2.c4 e6 3.Nc3 Bb4 4.Qc2 c5 5.dxc5 O-O 6.Nf3 Na6 7.e3 Nxc5 8.a3 Bxc3+
9.Qxc3 d6 10.b4 Nce4 11.Qb3 a5 12.b5 e5 13.Be2 Bf5 14.a4 Nc5 15.Qd1 Rc8 16.O-O Qe7
17.Bb2 b6 18.Ra3 h6 19.Nh4 Bh7 20.f4 Nfe4 21.g3 Kh8 22.Bg4 Rcd8 23.Nf5 Qc7
24.Qe2 Rfe8 25.Rd1 Kg8 26.Bh3 Nf6 27.Raa1 Nce4 28.Qf1 Bg6 29.g4 Bxf5 30.gxf5 Qc5
31.Qd3 exf4 32.Bd4 Qc7 33.exf4 d5 34.cxd5 Rxd5 35.Qf3 Red8 36.Be3 Nc3 37.Re1 Nfe4
38.Rac1 Qd6 39.Kh1 Rd3 40.Bf1 Nd2 41.Qc6 Nxf1 42.Bxb6 Qxc6+ 43.bxc6 Rc8 44.Bxa5 Rxc6
45.Rxf1 Rc5 46.Rxc3 Rcxc3 47.Bxc3 Rxc3 48.Ra1 Rc6 49.a5 Ra6 50.Kg2 Kf8 51.Kf3 Ke7
52.Ke4 Kd6 53.Kd4 Kc6 54.Kc4 Kb7 55.Rb1+ Ka7 56.Rb5 Rd6 57.Rd5 Rf6 58.Kd4 g6
59.Ke4 Kb7 60.Rc5 Ka7 61.fxg6 fxg6 62.h4 h5 63.f5 gxf5+ 64.Rxf5 Rg6 65.Rxh5 Rg4+
66.Kf5 Rc4 67.Rh8 Kb7 68.h5 Rc5+ 69.Kg4 Rc4+ 70.Kf3 Rc3+ 71.Ke4 Rc5 72.h6 Rc6
73.Kd5 Rf6 74.a6+ Rxa6 75.Rh7+ Kb8 76.Ke5 Rc6 77.Kf5 Rc5+ 78.Ke6 Rc6+ 79.Ke5 Ka8
80.Kf5 Rc5+ 81.Ke6 Rb5 82.Rd7 Rh5 83.h7 Rh6+ 84.Kf5 Kb8  1-0

[Event "Gibraltar Masters 2019"]
[Site "Caleta ENG"]
[Date "2019.01.27"]
[Round "6.85"]
[White "Vila Dupla,A"]
[Black "Antova,Gabriela"]
[Result "0-1"]
[WhiteElo "2166"]
[BlackElo "2263"]

1.Nf3 d5 2.d4 Nf6 3.c4 e6 4.Bg5 c6 5.e3 Be7 6.Nc3 O-O 7.Qc2 Nbd7 8.cxd5 exd5
9.Bd3 Re8 10.O-O h6 11.Bh4 Ne4 12.Bxe7 Qxe7 13.Bxe4 dxe4 14.Nd2 Nf6 15.Rfc1 Bf5
16.Ne2 Nd5 17.a3 Qg5 18.Nf1 h5 19.Nc3 Nf6 20.Ng3 Bh7 21.h3 h4 22.Nge2 Bf5
23.Kf1 Nh5 24.Qb3 Rab8 25.Qa4 a6 26.Qa5 Re6 27.d5 Rg6 28.dxc6 bxc6 29.Ke1 Qxg2
30.Qxf5 Rxb2 31.Qxe4 Qg1+  0-1

[Event "Gibraltar Masters 2019"]
[Site "Caleta ENG"]
[Date "2019.01.27"]
[Round "6.86"]
[White "Bliumberg,V"]
[Black "Bianco,V"]
[Result "1/2-1/2"]
[WhiteElo "2253"]
[BlackElo "2018"]

1.e4 e6 2.d3 d5 3.Nd2 Nf6 4.Ngf3 Be7 5.g3 O-O 6.Bg2 Nc6 7.O-O dxe4 8.dxe4 e5
9.Qe2 Bc5 10.c3 a5 11.Nc4 Qe7 12.Nh4 Re8 13.Ne3 g6 14.Nd5 Nxd5 15.exd5 Nd8
16.Be3 f6 17.Nf3 Nf7 18.Nd2 f5 19.Rfe1 Bd6 20.Nc4 Bc5 21.Rad1 Bxe3 22.Qxe3 Ra6
23.f4 e4 24.Qd4 Bd7 25.g4 b5 26.Ne3 fxg4 27.c4 bxc4 28.Nxc4 Bf5 29.Rd2 Qh4
30.Qf2 Qxf2+ 31.Rxf2 Nd6 32.Ne3 Bd7 33.Rc1 c6 34.Rfc2 Rc8 35.dxc6 Raxc6 36.Rxc6 Rxc6
37.Rxc6 Bxc6 38.Nxg4 Kf8 39.Kf2 Ke7 40.Ne3 Nb7 41.Bf1 Kd6 42.Bc4 Nc5 43.a3 a4
44.Nd1 Bd5 45.Bb5 Bc6 46.Bxc6 Kxc6 47.Ke3 Kd5 48.Nc3+ Kc4 49.Nxa4 Nxa4 50.Kxe4 Nxb2
51.f5 gxf5+ 52.Kxf5 Kb3 53.Kg5 Nd3 54.Kh6 Kxa3 55.Kxh7 Nf4 56.h4 Kb4 57.Kh6 Kc5
58.Kg5 Ne6+ 59.Kf5 Kd6 60.h5 Ng7+  1/2-1/2

[Event "Gibraltar Masters 2019"]
[Site "Caleta ENG"]
[Date "2019.01.27"]
[Round "6.87"]
[White "Burke,M"]
[Black "Moksh,Amit Doshi"]
[Result "0-1"]
[WhiteElo "1994"]
[BlackElo "2242"]

1.e4 e6 2.d4 d5 3.Nc3 Nf6 4.Bg5 dxe4 5.Nxe4 Be7 6.Nxf6+ Bxf6 7.Bxf6 Qxf6
8.Nf3 O-O 9.Bd3 c5 10.O-O cxd4 11.Nxd4 Rd8 12.Nf3 Nc6 13.c3 e5 14.Qc2 h6
15.Rad1 Bg4 16.Bh7+ Kh8 17.Be4 Qf4 18.h3 Bh5 19.g3 Qf6 20.g4 Bg6 21.Nd2 Ne7
22.Nc4 Qf4 23.Bxg6 Nxg6 24.Ne3 Qf3 25.Nf5 Nf4 26.Nh4 Qxh3  0-1

[Event "Gibraltar Masters 2019"]
[Site "Caleta ENG"]
[Date "2019.01.27"]
[Round "6.88"]
[White "Munoz,Ra"]
[Black "Whatley,Stephen A J"]
[Result "0-1"]
[WhiteElo "2040"]
[BlackElo "2171"]

1.e4 c5 2.Nf3 Nc6 3.d4 cxd4 4.Nxd4 Qc7 5.Nc3 e6 6.Be3 a6 7.Qf3 Nf6 8.O-O-O Bd6
9.a3 O-O 10.Ndb5 axb5 11.Nxb5 Qa5 12.Nxd6 b5 13.Nxb5 Ba6 14.Bd2 Qb6 15.Qe3 Qb8
16.Bc3 Bxb5 17.Qg5 e5 18.f3 Bxf1 19.Rhxf1 Rd8 20.Rfe1 h6 21.Qh4 Qc7 22.f4 Rac8
23.g4 d5 24.g5 hxg5 25.fxg5 Nxe4 26.Rd3 Nxc3 27.Rh3 Kf8 28.Rxc3 Qd6 29.Rf1 Ke7
30.g6+ f6 31.Qh7 Rg8 32.h4 Qe6 33.h5 Nd4 34.Rxc8 Qxc8 35.c3 Ne6  0-1

[Event "Gibraltar Masters 2019"]
[Site "Caleta ENG"]
[Date "2019.01.27"]
[Round "6.50"]
[White "Sukandar,I"]
[Black "Gunina,V"]
[Result "1-0"]
[WhiteElo "2397"]
[BlackElo "2501"]

1.e4 c6 2.d4 d5 3.exd5 cxd5 4.Bd3 Nc6 5.c3 Nf6 6.Bf4 Bg4 7.Qb3 Qd7 8.Nd2 e6
9.Ngf3 Bxf3 10.Nxf3 Bd6 11.Bd2 O-O 12.Qc2 Rac8 13.a3 h6 14.O-O Qc7 15.g3 Na5
16.Rae1 Nc4 17.Qc1 Ne4 18.Bxh6 gxh6 19.Bxe4 dxe4 20.Rxe4 Kg7 21.Rg4+ Kf6
22.Qxh6+ Ke7 23.Re1 Qa5 24.Rg5 Qb6 25.Rg7 Kd8 26.Ng5 Rc7 27.Rxe6 Kc8 28.Rxf7 Rd8
29.Rxc7+ Qxc7 30.Qg6 Be7 31.Ne4 Nxb2 32.h4 Bxa3 33.h5 Na4 34.Re8 Nxc3 35.Qf5+ Kb8
36.Rxd8+ Qxd8 37.Nxc3 a6 38.Nd5 Bf8 39.Nf4 Bd6 40.h6 Qf8 41.Qg5 Qe8 42.h7 Ka7
43.Ne6  1-0

[Event "Gibraltar Masters 2019"]
[Site "Caleta ENG"]
[Date "2019.01.27"]
[Round "6.89"]
[White "Byron,A"]
[Black "Srija,S"]
[Result "1/2-1/2"]
[WhiteElo "2157"]
[BlackElo "2210"]

1.e4 e5 2.Nf3 Nc6 3.Bb5 g6 4.O-O Bg7 5.c3 a6 6.Ba4 Nge7 7.d4 exd4 8.cxd4 b5
9.Bc2 d6 10.h3 O-O 11.Re1 Nb4 12.Bb3 c5 13.a3 Nbc6 14.d5 Na5 15.Ba2 c4 16.Nc3 Nb7
17.Bg5 h6 18.Be3 Nc5 19.Qd2 g5 20.Bd4 Ng6 21.Bxg7 Kxg7 22.Qd4+ f6 23.a4 Bd7
24.Re3 Ne5 25.Nd2 Qe7 26.b3 cxb3 27.Bxb3 Nxb3 28.Nxb3 Nc4 29.Ree1 Qe5 30.axb5 axb5
31.Ne2 Na3 32.Rac1 Ra4 33.Qxe5 fxe5 34.Rc7 Rf7 35.f3 Rb4 36.Na5 Rb2 37.Nb7 Nc4
38.Nd8 Re7 39.Nc6 Rf7 40.Nd8 Re7 41.Nc6 Rf7  1/2-1/2

[Event "Gibraltar Masters 2019"]
[Site "Caleta ENG"]
[Date "2019.01.27"]
[Round "6.98"]
[White "Torres,Federico"]
[Black "Chen,Jonathan"]
[Result "0-1"]
[WhiteElo "2196"]
[BlackElo "1884"]

1.Nf3 Nf6 2.d3 d5 3.Nbd2 e6 4.g3 c5 5.Bg2 Nc6 6.e4 Be7 7.O-O O-O 8.e5 Nd7
9.Re1 b5 10.h4 a5 11.Nf1 b4 12.Bg5 a4 13.a3 bxa3 14.bxa3 Bxg5 15.hxg5 Qc7
16.Ne3 Rb8 17.Ng4 Ba6 18.Qc1 Nd4 19.Kh2 Qb6 20.Nxd4 cxd4 21.Qf4 Qc5 22.Rac1 Rb2
23.Rh1 Rxc2 24.Nf6+ gxf6 25.gxf6 Kh8 26.Be4 dxe4 27.Rxc2 Qxc2 28.Kg2 Qe2
29.Qh6 Qf3+ 30.Kg1 Qxh1+ 31.Kxh1 Rg8 32.f4 e3 33.Kg2 Bxd3 34.Kf3 Bb5 35.g4 e2
36.Qh4 d3 37.Qe1 Nc5 38.f5 Nb3 39.fxe6 d2  0-1

[Event "Gibraltar Masters 2019"]
[Site "Caleta ENG"]
[Date "2019.01.27"]
[Round "6.91"]
[White "Giulian,P"]
[Black "Aguilar,A"]
[Result "0-1"]
[WhiteElo "2165"]
[BlackElo "2307"]

1.d4 d5 2.c4 c6 3.e3 Nf6 4.Nc3 e6 5.Nf3 Nbd7 6.Bd3 dxc4 7.Bxc4 b5 8.Bd3 a6
9.e4 c5 10.d5 Bb7 11.O-O Qc7 12.dxe6 fxe6 13.Bc2 c4 14.Nd4 Nc5 15.Qe2 O-O-O
16.Be3 e5 17.Ndxb5 axb5 18.Nxb5 Qf7 19.Qe1 Ba6 20.a4 Ng4 21.b4 Nd3 22.Bxd3 Rxd3
23.Bc5 Qh5  0-1

[Event "Gibraltar Masters 2019"]
[Site "Caleta ENG"]
[Date "2019.01.27"]
[Round "6.92"]
[White "Cholleti,S"]
[Black "Mannion,Stephen R"]
[Result "1/2-1/2"]
[WhiteElo "2122"]
[BlackElo "2293"]

1.d4 d5 2.c4 dxc4 3.e3 Nf6 4.Bxc4 e6 5.Nf3 c5 6.O-O a6 7.dxc5 Bxc5 8.Qxd8+ Kxd8
9.Nbd2 Ke7 10.Be2 Bd7 11.Nb3 Bb6 12.Ne5 Bb5 13.Nc4 Bxc4 14.Bxc4 Nc6 15.Rd1 Rhd8
16.Bd2 Ne4 17.Be1 Rxd1 18.Rxd1 Rd8 19.Rc1 Ne5 20.Be2 Nd3 21.Bxd3 Rxd3 22.Kf1 Rd7
23.Ke2 Rc7 24.Rxc7+ Bxc7 25.Kf3 Nd6 26.Nc5 Bb6 27.Ne4 Nxe4 28.Kxe4 f5+ 29.Kd3 Kd6
30.f3 Kd5 31.e4+ fxe4+ 32.fxe4+  1/2-1/2

[Event "Gibraltar Masters 2019"]
[Site "Caleta ENG"]
[Date "2019.01.27"]
[Round "6.93"]
[White "Chinguun,Sumiya"]
[Black "Ramasindraibe,Girard"]
[Result "1/2-1/2"]
[WhiteElo "2286"]
[BlackElo "2129"]

1.e4 e5 2.Bc4 Nf6 3.d3 d5 4.exd5 Nxd5 5.Nf3 Nc6 6.Bg5 f6 7.Bd2 Be6 8.O-O Qd7
9.Nc3 O-O-O 10.Ne4 Be7 11.b4 Bg4 12.Bb5 h5 13.h3 Be6 14.c4 Nf4 15.d4 Bxh3
16.Bxf4 Qg4 17.Bg3 Bxg2 18.Kxg2 Nxd4 19.Nxd4 Qxe4+ 20.Qf3 Rxd4 21.Rfd1 Qxf3+
22.Kxf3 Rhd8 23.Rxd4 Rxd4 24.Rh1 c6 25.Ba4 Bxb4 26.Rxh5 Bd2 27.Rh8+ Kc7 28.Rg8 Bh6
29.Bb3 Kb6 30.Kg2 Rd2 31.Kf1 a5 32.f3 a4 33.Bxa4 Rxa2 34.Bf2+ Kc7 35.Bd1 Ra1
36.Ke2 b6 37.Rf8 Ra2+ 38.Ke1 Bd2+ 39.Kf1 Ra1 40.Ke2 Ra2 41.Rf7+ Kd6 42.Kf1 Ra1
43.Ke2 Ra2 44.Kf1  1/2-1/2

[Event "Gibraltar Masters 2019"]
[Site "Caleta ENG"]
[Date "2019.01.27"]
[Round "6.100"]
[White "Herzwurm,R"]
[Black "Koehler,G2"]
[Result "0-1"]
[WhiteElo "2021"]
[BlackElo "2184"]

1.e4 c5 2.Nc3 Nc6 3.f4 e6 4.Nf3 d6 5.Bc4 Nf6 6.O-O Be7 7.d3 O-O 8.a3 d5 9.Ba2 dxe4
10.dxe4 Qb6 11.Nd2 Rd8 12.e5 Ne8 13.Qe1 Nd4 14.Qf2 Qc6 15.Nf3 b5 16.f5 exf5
17.Ng5 Be6 18.Nxe6 fxe6 19.Be3 Nc7 20.Nd1 c4 21.Kh1 Bc5 22.c3 Nb3 23.Bxb3 Bxe3
24.Qxe3 cxb3 25.Nf2 Nd5 26.Qf3 Qc7 27.Nd3 Nb6 28.Nf4 Re8 29.h3 Rac8 30.Rae1 Nc4
31.Qd1 Rcd8 32.Qxb3 Nd2 33.Nxe6 Qf7  0-1

[Event "Gibraltar Masters 2019"]
[Site "Caleta ENG"]
[Date "2019.01.27"]
[Round "6.101"]
[White "Kozarcanin,S"]
[Black "Lim,Z"]
[Result "0-1"]
[WhiteElo "2048"]
[BlackElo "2178"]

1.b3 c5 2.Bb2 Nc6 3.Nf3 Nf6 4.e3 e6 5.c4 b6 6.d3 Bb7 7.Be2 Be7 8.O-O O-O
9.a3 d5 10.d4 cxd4 11.exd4 Ne4 12.Ne5 Nxe5 13.dxe5 dxc4 14.Qxd8 Rfxd8 15.Bxc4 Rac8
16.Bc1 Bc5 17.Be3 Bxe3 18.fxe3 Rc5 19.Ra2 Rxe5 20.Re1 g6 21.b4 Kg7 22.a4 a5
23.bxa5 bxa5 24.Rb2 Bc6 25.Ra2 Rb8 26.Bf1 Rb4 27.Rc2 Bxa4 28.Rc7 Bb5 29.Na3 Bxf1
30.Rxf1 Nd6 31.Nc2 Rbe4 32.Ra7 Rc5 33.Rf2 Nf5 34.h3 h5 35.Kh2 h4 36.Nd4 Rxe3  0-1

[Event "Gibraltar Masters 2019"]
[Site "Caleta ENG"]
[Date "2019.01.27"]
[Round "6.51"]
[White "Sosa,T ARG"]
[Black "Merario Alarcon,Andres"]
[Result "1-0"]
[WhiteElo "2499"]
[BlackElo "2405"]

1.e4 e5 2.Nf3 Nc6 3.Bc4 Nf6 4.d3 Bc5 5.c3 d6 6.Nbd2 O-O 7.O-O a5 8.h3 h6
9.Re1 Be6 10.Bb5 Qb8 11.Nh4 Qa7 12.Qf3 Ne7 13.Bc4 Kh7 14.Nf1 c6 15.Ng3 d5
16.exd5 cxd5 17.Bb3 Ng6 18.Nhf5 Rae8 19.Bc2 Kh8 20.Be3 Bxe3 21.Qxe3 Qa6 22.d4 e4
23.f3 Bxf5 24.Nxf5 Qe6 25.fxe4 dxe4 26.Qf2 Qb6 27.Ba4 Rd8 28.Rf1 Kh7 29.Rae1 Qa6
30.g4 b5 31.Bc2 Qc6 32.Nxh6 Kxh6 33.g5+ Kh7 34.gxf6 Rfe8 35.fxg7 Rd5 36.Rxe4 Rxe4
37.Bxe4 Rg5+ 38.Kh2 Qc7+ 39.Qf4 Qe7 40.Qxf7  1-0

[Event "Gibraltar Masters 2019"]
[Site "Caleta ENG"]
[Date "2019.01.27"]
[Round "6.53"]
[White "Lombaers,P"]
[Black "Ubilava,E"]
[Result "1-0"]
[WhiteElo "2372"]
[BlackElo "2495"]

1.c4 g6 2.g3 Bg7 3.Bg2 c5 4.Nc3 Nc6 5.Nf3 e6 6.d4 cxd4 7.Nb5 d5 8.cxd5 Qa5+
9.Nd2 Qxb5 10.a4 Qa6 11.dxc6 Ne7 12.b4 bxc6 13.b5 Qb7 14.Ba3 O-O 15.Rc1 Rd8
16.bxc6 Qc7 17.Bxe7 Qxe7 18.c7 Rd5 19.Qb3 Ba6 20.O-O Rc8 21.Bxd5 exd5 22.Rc6 Qxe2
23.Qxd5 Bb7 24.Ne4 Bf8 25.Rxg6+ hxg6 26.Qxb7 Rxc7 27.Nf6+  1-0

[Event "Gibraltar Masters 2019"]
[Site "Caleta ENG"]
[Date "2019.01.27"]
[Round "6.54"]
[White "Repka,C"]
[Black "Pigott,J"]
[Result "0-1"]
[WhiteElo "2491"]
[BlackElo "2387"]

1.e4 d6 2.Nc3 g6 3.d4 Nf6 4.f4 Bg7 5.Nf3 O-O 6.Bd3 Nc6 7.d5 Nb4 8.O-O c6
9.dxc6 bxc6 10.Qe2 Nxd3 11.cxd3 a5 12.h3 a4 13.Be3 Qa5 14.Rac1 Ba6 15.Qd2 Rfb8
16.Nd4 Rc8 17.f5 Rab8 18.Rf2 Nd7 19.fxg6 hxg6 20.Rcf1 Ne5 21.Nde2 Bxd3 22.Bd4 Bxe2
23.Qxe2 Rf8 24.Kh1 Qb4 25.Qd1 Ng4 26.Rd2 Bxd4 27.Rxd4 Qxb2 28.Qxg4 Qxc3 29.Rxa4 Ra8
30.Rxa8 Rxa8 31.Qf4 Qc4 32.Rc1 Qb5 33.Rf1 f6 34.Rc1 Rxa2 35.Qh6 Qh5 36.Qe3 Qe2
37.Qg3 Kf7 38.Rxc6 Qxe4 39.Rc8 d5 40.Rd8 Rd2  0-1

[Event "Gibraltar Masters 2019"]
[Site "Caleta ENG"]
[Date "2019.01.27"]
[Round "6.55"]
[White "Krishna Teja,N"]
[Black "Harika,D"]
[Result "0-1"]
[WhiteElo "2371"]
[BlackElo "2471"]

1.Nf3 d5 2.d4 Nf6 3.c4 e6 4.Nc3 c6 5.e3 Nbd7 6.Qc2 Bd6 7.Bd3 O-O 8.O-O dxc4
9.Bxc4 b5 10.Bd3 Bb7 11.e4 e5 12.dxe5 Nxe5 13.Nxe5 Bxe5 14.h3 a6 15.Be3 Re8
16.Ne2 c5 17.Bxc5 Nxe4 18.Rfd1 Qf6 19.Be3 Rac8 20.Qb3 Bxb2 21.Rab1 Be5 22.a4 Nc3
23.axb5 Nxd1 24.Rxd1 axb5 25.Qxb5 Bc6 26.Qb4 Rcd8 27.Qg4 h6 28.Ng3 Bxg3 29.Qxg3 Be4
30.Be2 Rxd1+ 31.Bxd1 Qa1  0-1

[Event "Gibraltar Masters 2019"]
[Site "Caleta ENG"]
[Date "2019.01.27"]
[Round "6.56"]
[White "Taboas Rodriguez,D"]
[Black "Krishna,CRG"]
[Result "0-1"]
[WhiteElo "2357"]
[BlackElo "2469"]

1.d4 Nf6 2.Nf3 d6 3.c4 Nbd7 4.Nc3 e5 5.e4 Be7 6.Be2 O-O 7.O-O c6 8.Be3 a6
9.d5 c5 10.Ne1 Ne8 11.Qd2 g6 12.Nd3 Ng7 13.f4 f5 14.fxe5 dxe5 15.g3 Bd6 16.a3 b6
17.b4 Qc7 18.bxc5 bxc5 19.Na4 Bb7 20.Rab1 Rae8 21.Bh6 Re7 22.Qb2 Rb8 23.Qd2 Nf6
24.exf5 e4 25.Nf4 Nxf5 26.Bg5 Rf8 27.Rb6 Be5 28.Ne6 Rxe6 29.Rxe6 Bd4+ 30.Kg2 Nxd5
31.Kh3 Nde3 32.Bxe3 Nxe3 33.Rxf8+ Kxf8 34.g4 h5 35.Nb6 hxg4+ 36.Bxg4 Qh7+
37.Kg3 Nf1+  0-1

[Event "Gibraltar Masters 2019"]
[Site "Caleta ENG"]
[Date "2019.01.27"]
[Round "6.57"]
[White "Cramling,P"]
[Black "Seeman,T"]
[Result "1-0"]
[WhiteElo "2462"]
[BlackElo "2386"]

1.d4 g6 2.c4 Bg7 3.e4 Nc6 4.Be3 d6 5.Nc3 Nf6 6.d5 Nb8 7.Be2 c6 8.Nf3 Bg4
9.Nd4 Bxe2 10.Qxe2 O-O 11.O-O Qc7 12.Rac1 Nbd7 13.Rfd1 a6 14.f4 Rfc8 15.b3 Re8
16.Kh1 Rad8 17.Bg1 e5 18.dxe6 fxe6 19.Nf3 Bh6 20.Be3 Nh5 21.g3 Nhf6 22.Rd2 Bg7
23.e5 dxe5 24.fxe5 Ng4 25.Bg5 Ra8 26.Bf4 Rad8 27.Bg5 Ra8 28.Bf4 Rad8 29.Rcd1 Nc5
30.b4 Rxd2 31.Rxd2 Nd7 32.Ne4 c5 33.b5 axb5 34.cxb5 c4 35.Nd6 Ra8 36.Qxc4 Qxc4
37.Nxc4 Nc5 38.h3 Nh6 39.Ng5 Nf5 40.g4 Ne7  1-0

[Event "Gibraltar Masters 2019"]
[Site "Caleta ENG"]
[Date "2019.01.27"]
[Round "6.96"]
[White "Veltkamp,G"]
[Black "Abdulraheem,Abdulrahman Akintoye"]
[Result "1-0"]
[WhiteElo "2117"]
[BlackElo "2224"]

1.Nf3 Nf6 2.g3 d5 3.c4 e6 4.Bg2 Be7 5.O-O O-O 6.b3 dxc4 7.bxc4 c5 8.d3 Nc6
9.Nbd2 Qc7 10.Bb2 e5 11.Ng5 Ng4 12.Nge4 f5 13.Nc3 Bd6 14.e3 Qf7 15.Nb5 Rd8
16.Nb3 e4 17.Qb1 Qh5 18.h3 Nge5 19.dxe4 Bb8 20.Rd1 Rf8 21.Rd5 a6 22.Nxc5 Nxc4
23.Nd4 Nxd4 24.Bxd4 b6 25.Nd7 Bxd7 26.Rxd7 Ra7 27.Rxa7 Bxa7 28.Qb3 Qf7 29.exf5 Bb8
30.a4 Kh8 31.f6 gxf6 32.Rd1 Rd8 33.Qxc4 Qxc4 34.Bxf6+ Kg8 35.Rxd8+ Kf7 36.Bd5+ Qxd5
37.Rxd5 Kxf6 38.f4 Ke6 39.Rh5 Bd6 40.Kf2 Bc5 41.Ke2  1-0

[Event "Gibraltar Masters 2019"]
[Site "Caleta ENG"]
[Date "2019.01.27"]
[Round "6.97"]
[White "Logothetis,S"]
[Black "Cramling Bellon,Anna"]
[Result "0-1"]
[WhiteElo "2210"]
[BlackElo "2025"]

1.c4 c5 2.Nf3 Nc6 3.d4 cxd4 4.Nxd4 e6 5.g3 Nf6 6.Bg2 Bb4+ 7.Nc3 O-O 8.O-O Qb6
9.Nb3 Bxc3 10.bxc3 d5 11.cxd5 Nxd5 12.c4 Nde7 13.c5 Qa6 14.Bb2 Rd8 15.Qc2 e5
16.Rfd1 Be6 17.Rd6 Nf5 18.Rxd8+ Rxd8 19.Bxc6 Qxc6 20.Bxe5 f6 21.Bb2 Qa4 22.Bc3 Ne7
23.Nd4 Rxd4  0-1

[Event "Gibraltar Masters 2019"]
[Site "Caleta ENG"]
[Date "2019.01.27"]
[Round "6.61"]
[White "Stijve,Theo"]
[Black "Hanley,C"]
[Result "0-1"]
[WhiteElo "2339"]
[BlackElo "2452"]

1.e4 c5 2.Nf3 d6 3.d4 cxd4 4.Nxd4 Nf6 5.Nc3 a6 6.Be3 e5 7.Nb3 Be6 8.f3 h5
9.Qd2 Nbd7 10.Nd5 Bxd5 11.exd5 Qc7 12.Be2 a5 13.a4 g6 14.O-O-O Bg7 15.Kb1 O-O
16.g4 Nb6 17.gxh5 Nxh5 18.Bb5 Nc4 19.Qe2 Nxe3 20.Qxe3 Kh7 21.Rd3 Bh6 22.Rc3 Qd8
23.Qf2 f5 24.Nd2 Bxd2 25.Qxd2 Rf7 26.Bd3 Rc7 27.Rb3 Nf4 28.h4 Rf7 29.Qe3 Nxd5
30.Qg5 Nf4 31.Rb5 Qxg5 32.hxg5+ Kg7 33.Bc4 Re7 34.Rd1 e4 35.fxe4 fxe4 36.Rb6 Rc8
37.b3 e3 38.Bb5 Rc5 39.Rbxd6 Rxg5 40.Re1 Rd5 41.Rxd5 Nxd5 42.c4 Nf4 43.Kc2 Kf6
44.Kc3 g5 45.c5 g4 46.Kd4 e2 47.b4 axb4 48.a5 g3 49.c6 bxc6 50.Bxc6 Ra7 51.Ke4 Kg5
52.Kf3 Rxa5 53.Kxg3 Ra3+ 54.Bf3 b3 55.Rb1 b2 56.Kf2 Ra1 57.Be4 Kf6 58.Ke1 Ke5
59.Bc2 Nd5 60.Kd2 Nc3 61.Re1 Kd4 62.Bg6 Rd1+  0-1

[Event "Gibraltar Masters 2019"]
[Site "Caleta ENG"]
[Date "2019.01.27"]
[Round "6.99"]
[White "Hng,Mei-En Emmanuelle"]
[Black "Tejaswini,S"]
[Result "0-1"]
[WhiteElo "2071"]
[BlackElo "2190"]

1.e4 e5 2.Nf3 Nc6 3.Bb5 a6 4.Ba4 Nf6 5.O-O Be7 6.Bxc6 dxc6 7.Nxe5 Nxe4 8.Qe2 Qd5
9.d4 Bf5 10.Re1 Qxd4 11.Nxc6 bxc6 12.Nc3 Qxf2+ 13.Qxf2 Nxf2 14.Kxf2 Be6 15.Bf4 O-O-O
16.Ne4 h6 17.b3 Rhe8 18.Rad1 Rxd1 19.Rxd1 Bf5 20.Ng3 Bg4 21.Re1 Bc5+ 22.Be3 Rxe3
23.Rxe3 f5 24.h3 Bxh3 25.gxh3 f4 26.Nf5 fxe3+ 27.Kf3 Bf8 28.Nxe3 Kd7 29.Ke4 Ke6
30.c3 g6 31.b4 h5 32.a3 Bh6 33.Nc4 Bg7 34.Na5 Bxc3 35.Nxc6 g5 36.Nd8+ Ke7
37.Nb7 Bb2 38.a4 Bc3 39.Nc5 Bxb4 40.Nxa6 Bd6 41.Nb8 c5 42.Nc6+ Kd7 43.Na7 g4
44.hxg4 hxg4 45.a5 g3 46.Kf3 Bb8 47.Nb5 Kc6 48.Nc3 c4 49.Ne2 Kb5 50.Nd4+ Ka6
51.Ke2 g2 52.Nf3 Ba7  0-1

[Event "Gibraltar Masters 2019"]
[Site "Caleta ENG"]
[Date "2019.01.27"]
[Round "6.62"]
[White "Javakhishvili,L"]
[Black "De Haan,E"]
[Result "1-0"]
[WhiteElo "2452"]
[BlackElo "2337"]

1.d4 Nf6 2.c4 c5 3.d5 e6 4.Nc3 exd5 5.cxd5 d6 6.Nf3 g6 7.Bf4 Bg7 8.e3 O-O
9.h3 Na6 10.Bc4 Nc7 11.a4 a6 12.a5 Rb8 13.Na4 Bd7 14.Nb6 Bb5 15.O-O Na8 16.Bxb5 axb5
17.Nxa8 Rxa8 18.Qd3 Qd7 19.e4 Rfe8 20.Rfe1 Nh5 21.Bc1 Ra6 22.g4 Nf6 23.Ra3 b4
24.Ra1 c4 25.Qxc4 Nxg4 26.Qxb4 Raa8 27.Ra3 Nf6 28.Kh2 Rac8 29.Qa4 Qxa4 30.Rxa4 Nxd5
31.Bd2 Nf6 32.Rb4 Nd7 33.Rxb7 Nc5 34.Rb5 Nxe4 35.Be3 Rc2 36.Nd4 Rc5 37.b4 Rcc8
38.Ne2 Rc2 39.a6 Rxe2 40.Rxe2 Nc3 41.Rb7 Nxe2 42.a7 Be5+ 43.f4  1-0